000
00263nam a22001097a 4500
082
_a
621.381528 WIE'P
100
_a
WILSNER, E. PATRICK
_9
57423
245
_a
PRACTICAL TRANSISTOR THEORY
260
_a
NEWYORK
_b
HOWARD W. SAMS
_c
1964
300
_a
125P
942
_c
BK
999
_c
567707
_d
567707